Reforma de derechos sindicales y desarrollo / (Registro nro. 11880)
[ vista simple ]
| 000 -LEADER | |
|---|---|
| fixed length control field | 01535nam a2200289Ia 4500 |
| 003 - CONTROL NUMBER IDENTIFIER | |
| control field | OSt |
| 005 - DATE AND TIME OF LATEST TRANSACTION | |
| control field | 20210712160528.0 |
| 008 - FIXED-LENGTH DATA ELEMENTS--GENERAL INFORMATION | |
| fixed length control field | 210310s2010 ck ad gr 000 0 spa d |
| 020 ## - INTERNATIONAL STANDARD BOOK NUMBER | |
| International Standard Book Number | 9789586954891 |
| 040 ## - CATALOGING SOURCE | |
| Original cataloging agency | CO-JMCR |
| Transcribing agency | CO-JMCR |
| 041 0# - LANGUAGE CODE | |
| Language code of text/sound track or separate title | spa |
| 082 04 - DEWEY DECIMAL CLASSIFICATION NUMBER | |
| Classification number | 331.89 / |
| Item number | U81r |
| Edition number | 23 |
| 100 1# - MAIN ENTRY--PERSONAL NAME | |
| Personal name | Urrutia Montoya, Miguel, |
| Relator term | autor |
| 9 (RLIN) | 38071 |
| 245 10 - TITLE STATEMENT | |
| Title | Reforma de derechos sindicales y desarrollo / |
| Statement of responsibility, etc. | Miguel Urrutia Montoya, Diana Rodríguez Franco, César Rodríguez Garavito. |
| 250 ## - EDITION STATEMENT | |
| Edition statement | Primera edición |
| 260 ## - PUBLICATION, DISTRIBUTION, ETC. | |
| Place of publication, distribution, etc. | Bogotá : |
| Name of publisher, distributor, etc. | Universidad de los Andes, |
| Date of publication, distribution, etc. | 2010 |
| 300 ## - PHYSICAL DESCRIPTION | |
| Extent | vii, 94 páginas : |
| Other physical details | ilustraciones y gráficas en blanco y negro ; |
| Dimensions | 24 cm. |
| 500 ## - GENERAL NOTE | |
| General note | Notas a pie de página. |
| 505 0# - FORMATTED CONTENTS NOTE | |
| Formatted contents note | Características del del movimiento sindical colombiano. -- Diagnóstico sobre procesos de negociación colectiva, conversaciones colectivas y huelgas. -- Declaratoria de huelga en los servicios públicos no esenciales. -- Permitir la negociación colectiva en el sector público. |
| 520 0# - SUMMARY, ETC. | |
| Summary, etc. | El libro estudia la legislación sobre los derechos sindicales de empleados públicos en los tratados internacionales de la organización internacional de trabajo (OIT) y el cumplimiento de Colombia en los tratados firmados. |
| 650 14 - SUBJECT ADDED ENTRY--TOPICAL TERM | |
| Topical term or geographic name entry element | Tratado laborales |
| General subdivision | Sindicatos |
| 9 (RLIN) | 38416 |
| 650 24 - SUBJECT ADDED ENTRY--TOPICAL TERM | |
| Topical term or geographic name entry element | Derechos sindicales |
| General subdivision | trabajo |
| 9 (RLIN) | 38417 |
| 650 24 - SUBJECT ADDED ENTRY--TOPICAL TERM | |
| Topical term or geographic name entry element | Empelados públicos |
| General subdivision | sindicatos |
| 9 (RLIN) | 38418 |
| 700 1# - ADDED ENTRY--PERSONAL NAME | |
| Personal name | Rodríguez Franco, Diana, |
| Relator term | autor |
| 9 (RLIN) | 38419 |
| 700 1# - ADDED ENTRY--PERSONAL NAME | |
| Personal name | Rodríguez Garavito, César, |
| Relator term | autor |
| 9 (RLIN) | 3960 |
| 942 ## - ADDED ENTRY ELEMENTS (KOHA) | |
| Source of classification or shelving scheme | Dewey Decimal Classification |
| Koha item type | Books |
| Withdrawn status | Lost status | Source of classification or shelving scheme | Damaged status | Not for loan | Home library | Current library | Shelving location | Date acquired | Source of acquisition | Full call number | Barcode | Date last seen | Copy number | Price effective from | Koha item type |
|---|---|---|---|---|---|---|---|---|---|---|---|---|---|---|---|
| Dewey Decimal Classification | Biblioteca Pública José María del Castillo y Rada | Biblioteca Pública José María del Castillo y Rada | General Stacks | 04/15/2018 | Donación | 331.89 / U81r | 430003087 | 05/16/2024 | Ej.1 | 03/10/2021 | Books |